LIBRARY ONLINE CATALOGUE

Financial & managerial accounting : (Record no. 17502)

MARC details
000 -LEADER
fixed length control field 00635nam a22002172 4500
001 - CONTROL NUMBER
control field 0000024869
003 - CONTROL NUMBER IDENTIFIER
control field OSt
005 - DATE AND TIME OF LATEST TRANSACTION
control field 20190228115211.0
008 - FIXED-LENGTH DATA ELEMENTS--GENERAL INFORMATION
fixed length control field 140320s xx 000 0 eng d
020 ## - INTERNATIONAL STANDARD BOOK NUMBER
International Standard Book Number 0071316903 :
040 ## - CATALOGING SOURCE
Original cataloging agency KABU
Transcribing agency KABU
245 10 - TITLE STATEMENT
Title Financial & managerial accounting :
Remainder of title the basis for business decisions /
Statement of responsibility, etc. Jan R. Williams ... [et al.].
250 ## - EDITION STATEMENT
Edition statement 16th ed.
260 ## - PUBLICATION, DISTRIBUTION, ETC. (IMPRINT)
Place of publication, distribution, etc. New York :
Name of publisher, distributor, etc. McGraw-Hill,
Date of publication, distribution, etc. 2012.
300 ## - PHYSICAL DESCRIPTION
Extent 1 v. (various pagings) ;
650 #0 - SUBJECT ADDED ENTRY--TOPICAL TERM
Topical term or geographic name as entry element Accounting.
700 1# - ADDED ENTRY--PERSONAL NAME
Personal name Williams, Jan R.
908 ## - PUT COMMAND PARAMETER (RLIN)
Put command parameter 140320
942 ## - ADDED ENTRY ELEMENTS (KOHA)
Source of classification or shelving scheme Library of Congress Classification
Koha item type General Collection
Holdings
Withdrawn status Lost status Source of classification or shelving scheme Not for loan Home library Current library Date acquired Cost, normal purchase price Total Checkouts Full call number Barcode Date last seen Price effective from Koha item type
    Library of Congress Classification   Kabarak, Main Campus Kabarak, Main Campus 28/02/2019 2668.00   HF5635 .F56 2012 c.1 022973 02/08/2024 28/02/2019 General Collection